| 000 | 00406nam a2200133Ia 4500 | ||
|---|---|---|---|
| 008 | 240719s9999 xx 000 0 und d | ||
| 041 | _aeng | ||
| 082 | _a338.91 RAJ | ||
| 100 | _aRajan, G. Raghuram | ||
| 245 | _aBreaking the Mould : Reimagining India's Economic Future | ||
| 260 |
_aUSA _bPenguin Random House India, _c2023 |
||
| 300 | _a297;. p. 22 CM | ||
| 520 | _aFaculty Purchase by Dr. Senthil Kumar S. | ||
| 999 |
_c41478 _d41478 |
||